000 00323nam a2200133Ia 4500
005 20260328104303.0
008 260328s9999||||xx |||||||||||||| ||und||
100 _aVargas Llosa, Mario
245 0 _aEl Regreso del Idiota /
_cMario Vargas Llosa
260 _bDebate
300 _a313 p.
650 _aAMÉRICA
942 _cBK
999 _c10656
_d10656